|
|
|
|
| LEADER |
01219nam a22003252a 4500 |
| 001 |
000134289 |
| 003 |
CZ BrMZK |
| 005 |
20071025080141.0 |
| 007 |
ta |
| 008 |
970103s1987 xr f cze d |
| 015 |
|
|
|a cnb000035205
|
| 035 |
|
|
|a (OCoLC)39414049
|
| 040 |
|
|
|a BOA001
|b cze
|
| 080 |
9 |
|
|a 542:621(075.8)
|
| 080 |
9 |
|
|a 621:542(075.8)
|
| 100 |
1 |
|
|a Medek, Jaroslav,
|d 1938-
|7 jk01081025
|4 aut
|
| 245 |
1 |
0 |
|a Experimentální práce /
|c Jaroslav Medek, Miloš Moláček, Josef Uherek
|
| 250 |
|
|
|a 1. vyd.
|
| 260 |
|
|
|a Brno :
|b Vysoké učení technické,
|c 1987
|
| 300 |
|
|
|a 114 s.
|
| 700 |
1 |
|
|a Moláček, Miloš
|4 aut
|
| 700 |
1 |
|
|a Uherek, Josef
|4 aut
|
| 910 |
|
|
|a BOA001
|b TK-A-0231.136
|b 4-0914.512
|
| 920 |
|
|
|a 000237043
|
| 964 |
|
|
|a Chemie - pokusy - praktika
|
| 990 |
|
|
|a BK
|
| 996 |
6 |
|
|b 2619831804
|c 4-0914.512
|l MZK
|r Sklad / do 1 hodiny
|n 2
|w 000134289
|u 000040
|a 1
|e BOA001
|j MZK50
|s P
|
| 996 |
7 |
|
|b 2619899963
|c 4-0914.512
|l MZK
|r Sklad / do 1 hodiny
|n 3
|w 000134289
|u 000030
|a 1
|e BOA001
|j MZK50
|s A
|
| 996 |
7 |
|
|b 2629982903
|c TK-A-0231.136
|l MZK
|r Sklad / do 24 hodin
|n 5
|w 000134289
|u 000010
|a 1
|e BOA001
|j MZK50
|s A
|
| 996 |
7 |
|
|b 2629983143
|c TK-A-0231.136
|l MZK
|r Sklad / do 24 hodin
|n 3
|w 000134289
|u 000020
|a 1
|e BOA001
|j MZK50
|s A
|